00385nam a2200157Ia 4500003000400000008004100004040001600045082002200061100001700083245004800100260003600148300000900184650001200193650001300205650000900218GCL140319s9999 xx 000 0 eng d aGCL / cGCL04aCHb636.0887bC H1 aCRAIG, DIANA10aHOW TO DRAW AND PAINT PETS / cCRAIG, DIANA a[S.N] : bAPPLE PRESS ، c1991 a93 P04aDRAWING04aPAINTING04aPETS